|
|
|
|
| LEADER |
03162njm a2200613 a 4500 |
| 001 |
000754676 |
| 003 |
CZ BrMZK |
| 005 |
20160916122936.0 |
| 007 |
sd fsngnnmmned |
| 008 |
041209s2004 xr mu g f cze d |
| 028 |
0 |
0 |
|a SU 3789-2
|b Supraphon
|
| 040 |
|
|
|a BOA001
|b cze
|
| 041 |
0 |
|
|d cze
|d ita
|d lat
|
| 047 |
|
|
|a sg
|a cr
|
| 048 |
|
|
|a oa
|
| 080 |
|
|
|a 783.65
|2 MRF
|
| 080 |
|
|
|a 784.68
|2 MRF
|
| 080 |
|
|
|a (086.76)
|
| 100 |
1 |
|
|a Urbanová, Eva,
|d 1961-
|7 jn19992010074
|4 sng
|
| 245 |
1 |
0 |
|a Vánoce s Evou Urbanovou
|h [zvukový záznam]
|
| 260 |
|
|
|a Praha :
|b Supraphon ,
|c p2004
|
| 300 |
|
|
|a 1 zvuková deska (52:46) :
|b digital, stereo ;
|c 12 cm +
|e 1 brožura (7 s.)
|
| 306 |
|
|
|a 005246
|
| 500 |
|
|
|a Kompaktní deska (DDD)
|
| 505 |
0 |
|
|a Partorela in F / Jiří Ignác Linek -- Ave Maria / Charles Gounod -- Pieta Signore / Louis Niedermayer -- Agnus Dei / Georges Bizet -- Milí synáčkové. Pastorela / Jakub Jan Ryba -- Mille cherubini in coro / Alois Melichar -- Tichá noc, přesvatá noc / Franz Xaver Gruber -- Panis angelicus / César Frank -- Adeste Fidelis -- Koleda. Směs nejoblíbenějších vánočních písní
|
| 511 |
0 |
|
|a Eva Urbanová, soprán ; Zdeněk Plech, basbaryton ; Ladislav Elgf, tenor. Bambini di Praga & Bohumil Kulínský ; Pražská komorní filharmonie & Ondrej Lenárd
|
| 518 |
|
|
|a Živý záznam koncertu v pražském Kongresovém centru 6. prosince 2003
|
| 650 |
0 |
7 |
|a koledy
|7 ph121707
|2 czenas
|
| 650 |
0 |
7 |
|a vánoční písně
|7 ph224489
|2 czenas
|
| 655 |
|
7 |
|a kompaktní desky
|7 fd201991
|2 czenas
|
| 700 |
1 |
|
|a Plech, Zdeněk,
|d 1977-
|7 js20050822023
|4 sng
|
| 700 |
1 |
|
|a Elgr, Ladislav
|4 sng
|
| 700 |
1 |
|
|a Kulínský, Bohumil,
|d 1959-2018
|7 jo19990049041
|4 cnd
|
| 700 |
1 |
|
|a Lenárd, Ondrej,
|d 1942-
|7 jn19990210371
|4 cnd
|
| 700 |
1 |
2 |
|a Linka, Jiří Ignác,
|d 1725-1791.
|t Pastorela in F
|
| 700 |
1 |
2 |
|a Gounod, Charles,
|d 1818-1893.
|t Ave Maria (vokální verze)
|7 aun2007426735
|
| 700 |
1 |
2 |
|a Fétis, François-Joseph,
|d 1784-1871.
|t Pietà, Signore, di me dolente
|7 aun2014832734
|
| 700 |
1 |
2 |
|a Bizet, Georges,
|d 1838-1875.
|t Arlésienne.
|p Intermezzo;
|o aranžmá
|7 aun2014832496
|
| 700 |
1 |
2 |
|a Ryba, Jakub Jan,
|d 1765-1815.
|t Milí synáčkové.
|p Pastorela
|
| 700 |
1 |
2 |
|a Melichar, Alois,
|d 1896-1976.
|t Mille cherubini in coro
|7 aun2014832744
|
| 700 |
1 |
2 |
|a Gruber, Franz Xaver,
|d 1787-1863.
|t Stille Nacht
|7 aun2008484616
|
| 700 |
1 |
2 |
|a Franck, César,
|d 1822-1890.
|t Panis angelicus
|7 aun2011619453
|
| 700 |
1 |
2 |
|a Stecker, Karel,
|d 1861-1918
|7 jk01120976
|4 arr
|
| 910 |
|
|
|a BOA001
|b CD-0011.997
|
| 975 |
1 |
|
|a Linka, Jiří Ignác,
|d 1725-1791
|7 jn20000401644
|4 cmp
|
| 975 |
1 |
|
|a Gounod, Charles,
|d 1818-1893
|7 jn19990002796
|4 cmp
|
| 975 |
1 |
|
|a Niedermeyer, Louis,
|d 1802-1861
|7 xx0018458
|4 cmp
|
| 975 |
1 |
|
|a Bizet, Georges,
|d 1838-1875
|7 jn19990000822
|4 cmp
|
| 975 |
1 |
|
|a Ryba, Jakub Jan,
|d 1765-1815
|7 jk01103232
|4 cmp
|
| 975 |
1 |
|
|a Melichar, Alois,
|d 1896-1976
|7 jx20050208005
|4 cmp
|
| 975 |
1 |
|
|a Gruber, Franz Xaver,
|d 1787-1863
|7 jn20000602638
|4 cmp
|
| 975 |
1 |
|
|a Franck, César,
|d 1822-1890
|7 jn20000601614
|4 cmp
|
| 990 |
|
|
|a AV
|
| 996 |
6 |
|
|b 261H013182
|c CD-0011.997
|l MZK
|r Sklad / do 24 hodin
|n 1
|w 000754676
|u 000010
|a 1
|e BOA001
|j MZK50
|s P
|